Statistics for Ireland True or False

Click here to take the quiz!

General Stats

  • This quiz has been taken 22 times
  • The average score is 6 of 10

Answer Stats

QuestionAnswer% Correct
Ireland was the first country to gain full independence from the British EmpireFalse
83%
Ireland fought in WWIIFalse
83%
The island of Ireland is made up of 32 counties.True
78%
Ireland is in the top 5 richest countries by GDP PPP (per capita).True
72%
Ireland has never been home to snakes in its known history.True
67%
Saint Patrick is the only patron saint of Ireland.False
56%
Carrauntoohill is the tallest mountain in Ireland.True
56%
Ireland declared independence in 1919.True
56%
The shamrock is the national symbol of Ireland.False
44%
Saint Patrick chased the snakes out of Ireland.False
17%

Score Distribution

Percentile by Number Answered

Percent of People with Each Score

Your Score History

You have not taken this quiz